[Event "Groningen Combinatie op"]
[Site "Groningen"]
[Date "2024.05.12"]
[Round "6"]
[White "Bruggink, Tycho"]
[Black "Huiskes, Mathijs"]
[Result "1-0"]
[WhiteElo "1962"]
[BlackElo "1880"]
[PlyCount "95"]
[EventDate "2024.05.09"]
[EventType "swiss"]
[EventRounds "7"]
[EventCountry "NED"]
[SourceTitle "CBM 220 Extra"]
[Source "ChessBase"]
[SourceDate "2024.07.31"]
[SourceVersion "1"]
[SourceVersionDate "2024.07.31"]
[SourceQuality "1"]

1. e4 c5 2. Nc3 e6 3. d4 cxd4 4. Qxd4 Nc6 5. Qd3 Qc7 6. Qg3 Qxg3 7. hxg3 Bb4 8. Bd2 Nf6 9. a3 Be7 10. f3 a6 11. g4 d6 12. Bc4 0-0 13. Nge2 Rd8 14. Ba2 Nd7 15. Rh5 b6 16. 0-0-0 Nf8 17. Be3 Rb8 18. f4 b5 19. Nd4 Bd7 20. Nce2 b4 21. axb4 Rxb4 22. c3 Rbb8 23. Bb1 Rdc8 24. Bd3 Nb4 25. Bb1 Nc6 26. Nxc6 Bxc6 27. Nd4 Bb7 28. Bd3 Bd8 29. Nc2 a5 30. Na3 d5 31. e5 d4 32. Bxd4 Bxg2 33. Rg1 Bd5 34. Nc2 Bb6 35. Bxb6 Rxb6 36. Ne3 Rcb8 37. Nxd5 exd5 38. Rh2 Rd8 39. Rd1 f6 40. Bc4 fxe5 41. Rxd5 Rxd5 42. Bxd5+ Kh8 43. fxe5 h6 44. Rf2 Ng6 45. e6 Ne7 46. Rf8+ Kh7 47. Be4+ Ng6 48. e7 1-0

[Event "Hoogeveen Amateurs op 25th"]
[Site "Hoogeveen"]
[Date "2022.10.17"]
[Round "3.13"]
[White "Hoogeboom, Boudewijn"]
[Black "Huiskes, Mathijs"]
[Result "0-1"]
[WhiteElo "1578"]
[BlackElo "1708"]
[PlyCount "70"]
[EventDate "2022.10.15"]
[EventType "swiss"]
[EventRounds "7"]
[EventCountry "NED"]
[SourceTitle "CBM 210 Extra"]
[Source "ChessBase"]
[SourceDate "2022.11.30"]
[SourceVersion "1"]
[SourceVersionDate "2022.11.30"]
[SourceQuality "1"]

1. d4 Nf6 2. c4 a6 3. Nc3 c5 4. d5 b5 5. b3 b4 6. Na4 d6 7. Qc2 g6 8. Bb2 Bf5 9. e4 Bxe4 10. Qe2 Bg7 11. f3 Bf5 12. g4 Bd7 13. Bxf6 Bxf6 14. Nb2 e6 15. Bg2 Bc3+ 16. Kf1 Qf6 17. Rb1 0-0 18. Nh3 exd5 19. cxd5 Bxg4 20. Nf2 Bf5 21. Nbd3 Nd7 22. Ne4 Bxe4 23. Qxe4 Rfe8 24. Qf4 Qe7 25. Qe4 Qg5 26. f4 Qh4 27. Qf3 Bd4 28. Qh3 Qxh3 29. Bxh3 f5 30. Bg2 Re3 31. Ne1 Bc3 32. Nc2 Re7 33. Kf2 Nf6 34. Ne3 Bd4 35. Rhe1 Rae8 0-1